000 00476nam a2200157 4500
005 20260309135631.0
008 260309b |||||||| |||| 00| 0 eng d
041 _aMarathi
082 _aX 891 NAR B12260
100 _aनरवणे, विश्वनाथ
_9216863
245 _aभारतीय कहावत संग्रह खंड २
260 _aPune
_bBharatiya Vichar Sadhana
_c1997
300 _a792p
_bpb
365 _aRupaye
_b400
_cINR
942 _cBK
999 _c370609
_d370609